Diálogos con un aldeano (Record no. 171653)

MARC details
000 -LEADER
campo de control de longitud fija 00633nam a22001695i 4500
001 - NÚMERO DE CONTROL
campo de control 171653
003 - IDENTIFICADOR DE NÚMERO DE CONTROL
campo de control ES-MaACL
005 - FECHA Y HORA DE LA ÚLTIMA TRANSACCIÓN
campo de control 20230906214705.0
008 - DATOS DE LONGITUD FIJA--INFORMACIÓN GENERAL
campo de control de longitud fija 090525s1961 sp |||| | spa d
080 ## - NÚMERO DE LA CLASIFICACIÓN DECIMAL UNIVERSAL
Número de la Clasificación Decimal Universal 946"1936/39"(047)
100 1# - ENTRADA PRINCIPAL--NOMBRE DE PERSONA
Nombre de persona Solé Caralt, Joan.
9 (RLIN) 140314
245 10 - MENCIÓN DEL TÍTULO
Título Diálogos con un aldeano
Resto del título : (luchas íntimas de la generación del 1936) ; Bisbal del Panadés /
Mención de responsabilidad, etc. Joan Solé Caralt.
260 ## - PUBLICACIÓN, DISTRIBUCIÓN, ETC.
Lugar de publicación, distribución, etc. [S.l. :
Nombre del editor, distribuidor, etc. s.n.,
Fecha de publicación, distribución, etc. 1961] (
Lugar de fabricación/manufactura Tarragona :
Fabricante Imp. Sugrañes)
300 ## - DESCRIPCIÓN FÍSICA
Extensión 586 p. ;
Dimensiones 25 cm.
651 #4 - PUNTO DE ACCESO ADICIONAL DE MATERIA--NOMBRE GEOGRÁFICO
Nombre geográfico España-
Subdivisión general Historia-
Subdivisión cronológica 1936-1939, Guerra civil-
Subdivisión de forma Relatos personales.
9 (RLIN) 8326
852 ## - LOCALIZACIÓN
Ubicación ES-MaACL
Número de control de estantería C-20773
itemnumber R.48466
Holdings
Estatus retirado Estado de pérdida Estado de daño No para préstamo Biblioteca de origen Biblioteca actual Ubicación en estantería Fecha de adquisición Fuente de adquisición Total de préstamos Signatura topográfica completa Código de barras Visto por última vez Precio de reemplazo Tipo de ítem Koha
        Biblioteca del Ateneo de Madrid Biblioteca del Ateneo de Madrid Galería 25/05/2009     C-20773 1180137 23/02/2023 23/02/2023 Libro impreso